000 00721nam a2200193 4500
001 125909
003 ES-MaACL
005 20230906192723.0
007 t|
008 070214s1928 sp r ||||1| spa d
110 2 _aEspaña.
_tLeyes, etc.
_9184149
245 1 0 _aReglamento de la Sección de Enseñanza del Instituto Agrícola de Alfonso XII
_b: aprobado por R.D. de 29 de Noviembre de 1928, Núm. 2245 [Gaceta de 2 de diciembre].
260 _aMadrid :
_bMinisterio de Economía Nacional,
_c1928.
300 _a34 p. ;
_c23 x 16 cm.
500 _aPrecede al tít.: Dirección de Agricultura.
710 2 _aEspaña.
_bMinisterio de Economía Nacional.
_93854
852 _aES-MaACL
_j1728-F-3
999 _c125909
_d125909